[Event "Hoogeveen"]
[Site "Essent 9"]
[Date "2005.10.27"]
[Round "4"]
[White "Harikrishna, Penteala"]
[Black "Sutovsky, Emil"]
[Result "1/2-1/2"]
[WhiteElo "2673"]
[BlackElo "2654"]
[Annotator "JvR"]
[PlyCount "64"]
[EventDate "2005.10.21"]
[SourceDate "1998.01.31"]

1. Nf3 Nf6 2. c4 c5 3. d4 cxd4 4. Nxd4 e5 5. Nb5 d5 6. cxd5 Bc5 7. d6 O-O 8.
Nc7 Ne4 9. e3 Bxd6 $5 {
Sutovsky delivers a novelty after a contemplation time of 40 minutes.} ({
Theory is} 9... Bb4+ $1) 10. Nxa8 Bb4+ 11. Nd2 Qh4 $1 12. g3 $1 Qf6 13. f3 Nxd2
14. Bxd2 Rd8 $1 {Black has enough compensation for the sacrificed rook.} 15.
Bxb4 $1 Rxd1+ 16. Rxd1 Nc6 {Sutovsky has foreseen this position.} 17. Bc5 $1
Qxf3 18. Rg1 Bg4 19. Rd2 $1 {The white pieces cooperate sufficiently.} Nd4 $1
20. Bxd4 ({Not} 20. exd4 $4 Qe3+ 21. Be2 Qxg1+) 20... exd4 21. Rd3 $1 Qc6 22.
Rg2 $1 {He activates the second rook.} Qc1+ 23. Kf2 dxe3+ 24. Rxe3 Qxb2+ 25.
Be2 h5 $6 (25... g6 $1 26. Rg1 Bxe2 27. Rxe2 Qf6+ 28. Kg2 Qc6+ 29. Kf2 Qc5+ 30.
Re3 Qc2+ 31. Kf3 b5 $1 {gains an advantage (Sutovsky).}) 26. Re8+ Kh7 27. Kg1
Qc1+ 28. Bf1 $1 Bh3 29. Rf2 Bxf1 30. Rxf1 Qc5+ 31. Rf2 $1 (31. Kg2 $4 Qc6+ {
costs a rook.}) 31... Qc1+ 32. Rf1 Qc5+ {Perpetual check ends the game.}
1/2-1/2

[Event "Hoogeveen"]
[Site "Essent 9"]
[Date "2005.10.28"]
[Round "5"]
[White "Sokolov, Ivan"]
[Black "Harikrishna, Penteala"]
[Result "1/2-1/2"]
[WhiteElo "2696"]
[BlackElo "2673"]
[Annotator "JvR"]
[PlyCount "71"]
[EventDate "2005.10.21"]
[SourceDate "1998.01.31"]

1. d4 d5 2. c4 c6 3. Nc3 Nf6 4. Nf3 dxc4 5. a4 Bf5 6. Ne5 Nbd7 7. Nxc4 Qc7 8.
g3 e5 9. dxe5 Nxe5 10. Bf4 Nfd7 11. Bg2 g5 12. Bxe5 Nxe5 13. Qd4 f6 14. O-O-O
Rd8 $5 15. Qe3 Be7 ({Hübner mentions} 15... Rxd1+ 16. Rxd1 Be7) 16. Rxd8+ Kxd8
17. Nxe5 Qxe5 18. Qxa7 Ba3 $1 19. Rd1+ Kc8 20. Qd4 Qxd4 21. Rxd4 Bc5 22. Rd2
Be6 23. e3 Kc7 24. Kc2 h5 25. b3 h4 26. Bf1 hxg3 27. hxg3 Bb4 28. Bc4 Bxc4 29.
bxc4 Ra8 30. f4 gxf4 31. gxf4 Bxc3 32. Kxc3 Rxa4 33. Rh2 Kd6 34. Rh6 Ke6 35. e4
b5 36. cxb5 {A lot has been exchanged.} 1/2-1/2

[Event "Hoogeveen"]
[Site "Essent 9"]
[Date "2005.10.28"]
[Round "5"]
[White "Stefanova, Antoaneta"]
[Black "Sutovsky, Emil"]
[Result "1/2-1/2"]
[WhiteElo "2494"]
[BlackElo "2654"]
[Annotator "JvR"]
[PlyCount "95"]
[EventDate "2005.10.21"]
[SourceDate "1998.01.31"]

1. d4 Nf6 2. c4 g6 3. Nc3 d5 4. Bg5 Ne4 5. Bh4 Nxc3 6. bxc3 dxc4 7. e3 Be6 8.
Nf3 Bg7 9. Qb1 b6 10. Nd2 O-O 11. Be2 c5 12. Nxc4 Nc6 13. O-O cxd4 $1 {
Black achieves an advantage.} 14. cxd4 Nxd4 15. exd4 Qxd4 16. Bxe7 Rfe8 17. Qb4
a5 18. Qa3 Bxc4 {He has gained a pawn.} 19. Rad1 Qe5 $6 ({Preferable is} 19...
Qf4 $1 20. Bg5 Qc7 21. Bxc4 Qxc4) 20. Bxc4 Rxe7 {
The bishops have a different colour.} 21. Rd5 Qe4 22. Rfd1 Bf8 23. Qa4 Rae8 24.
Qb3 Qg4 25. h3 Qf4 26. g3 Re1+ 27. Bf1 Qf6 28. Kg2 $2 Rxd1 $2 (28... R8e3 $1
29. Qxe3 Rxe3 30. fxe3 Bc5 {enlarges the advantage.}) 29. Rxd1 Re4 30. Qf3 Qe6
31. Rd8 Re5 32. Qa8 Qe7 33. a4 Rf5 34. Bd3 Rf6 35. Re8 Qc5 36. Re2 Rd6 37. Bb5
Rd1 38. Qc6 Qb4 39. Qf3 Rd8 40. Re8 Rxe8 41. Bxe8 Qe7 42. Bb5 Qc7 43. h4 h5 44.
Qc6 Qd8 45. Qe4 Qf6 46. Qf3 Qe6 47. Qc6 Qxc6+ 48. Bxc6 {
Sutovsky missed winning chances.} 1/2-1/2

[Event "Hoogeveen"]
[Site "Essent 9"]
[Date "2005.10.29"]
[Round "6"]
[White "Sutovsky, Emil"]
[Black "Sokolov, Ivan"]
[Result "0-1"]
[WhiteElo "2654"]
[BlackElo "2696"]
[Annotator "JvR"]
[PlyCount "114"]
[EventDate "2005.10.21"]
[SourceDate "1998.01.31"]

1. e4 e5 2. Nf3 Nc6 3. Bb5 a6 4. Ba4 Nf6 5. O-O Nxe4 6. d4 b5 7. Bb3 d5 8. dxe5
Be6 9. Nbd2 Be7 10. c3 O-O 11. Bc2 f5 12. Nb3 Qd7 13. Nbd4 Nxd4 14. Nxd4 c5 15.
Nxe6 Qxe6 16. f3 Ng5 17. a4 g6 18. Be3 Qc6 19. Bxg5 Bxg5 20. f4 Be7 21. Qf3 $5
c4 22. Rfd1 Rad8 23. b4 a5 $5 24. bxa5 $6 (24. axb5 $1 Qb6+ 25. Qf2 Qxf2+ 26.
Kxf2 axb4 27. cxb4 Bxb4 28. Ke2 {gains a plus.}) 24... b4 $1 25. cxb4 Bxb4 26.
Kh1 Qc5 27. a6 $1 Rf7 28. Rac1 Qa5 29. h4 Kh8 30. e6 $6 (30. h5 $1 {attacks.})
30... Re7 31. Qe3 Qxa6 32. Qe5+ $6 Kg8 33. Rb1 $6 (33. Rxd5 $5 Rxd5 34. Qxd5
Qxe6 {(Sokolov)} 35. Qxe6+ Rxe6 36. Rb1 {almost equalises.}) 33... Qa5 34. Qf6
Rf8 35. Qe5 Rd8 36. h5 $6 (36. g4 Bc3 37. Qe2 fxg4 38. f5 {counters.}) 36...
Bc3 $1 37. Qe2 Qc7 38. Qf3 d4 39. Rb5 Rxe6 40. Rb7 Qc6 41. Qxc3 $5 dxc3 42.
Rxd8+ Re8 43. Rdd7 Qf6 44. Kg1 gxh5 45. a5 Qg6 46. Re7 Rxe7 47. Rxe7 Qd6 48.
Re2 Qc5+ 49. Kh2 Qxa5 50. Kg3 Qd5 51. Kh4 Qd3 $1 52. Bxd3 cxd3 53. Re3 d2 54.
Rd3 c2 55. Rxd2 c1=Q 56. Rd8+ Kf7 57. Kg5 h6+ {The final standings became:
Harikrishna 4/6, Sokolov 31/2, Sutovsky 21/2, Stefanova 2.} 0-1

[Event "Hoogeveen"]
[Site "Essent 10"]
[Date "2006.10.22"]
[Round "1"]
[White "Mamedyarov, Shakhriyar"]
[Black "Topalov, Veselin"]
[Result "1-0"]
[WhiteElo "2728"]
[BlackElo "2813"]
[Annotator "JvR"]
[PlyCount "93"]
[EventDate "2006.10.22"]
[SourceDate "1998.01.31"]

{The tenth Essent tournament was played from 22 until 28 x 2006. Participants
of the Crown Group were Topalov as former world champion, Polgar as best woman,
Mamedyarov as junior and Sokolov as best Dutchman.} 1. d4 d5 2. c4 c6 3. Nc3
Nf6 4. e3 e6 5. Nf3 Nbd7 6. Bd3 dxc4 7. Bxc4 b5 8. Bd3 Bb7 9. e4 b4 10. Na4 c5
11. e5 Nd5 12. Nxc5 Nxc5 13. dxc5 Bxc5 14. O-O h6 15. Nd2 O-O 16. Ne4 Bd4 17.
Nd6 Bc6 18. Bh7+ Kxh7 19. Qxd4 f6 20. Bd2 Qd7 $5 ({Theory is} 20... fxe5 21.
Qe4+ Kg8 22. Qxe5 Qd7 23. Rfe1) 21. Rac1 a5 22. Qd3+ f5 $6 ({Better is} 22...
Kh8) 23. Rc5 Ne7 24. Rfc1 Ra7 25. Be3 Rfa8 26. Qe2 Ra6 27. h4 Qd8 28. Bg5 $6 (
28. Qh5 $1 Be8 29. Qf3 $1 {plays  for a win.}) 28... hxg5 29. Qh5+ Kg8 30. Qf7+
Kh7 31. Qh5+ Kg8 32. Qf7+ Kh7 33. hxg5 Ng6 $5 34. Rxc6 Qxg5 35. Rc8 Nf4 $2 (
35... Rxc8 36. Rxc8 Rxd6 $1 37. exd6 Qd2 38. g3 Qe1+ 39. Kg2 Qe4+ {
leads to perpetual check.}) 36. g3 Rxc8 37. Rxc8 Qg4 38. Qg8+ Kg6 39. Qe8+ Kh7
40. Qh8+ Kg6 41. Rc7 $1 Qd1+ 42. Kh2 Qh5+ 43. Qxh5+ Nxh5 44. Re7 Rc6 45. Rxe6+
Kh7 46. Nf7 $1 Rxe6 47. Ng5+ {The young champion made a great start.} 1-0

[Event "Hoogeveen"]
[Site "Essent 10"]
[Date "2006.10.22"]
[Round "1"]
[White "Polgar, Judit"]
[Black "Sokolov, Ivan"]
[Result "1-0"]
[WhiteElo "2710"]
[BlackElo "2670"]
[Annotator "JvR"]
[PlyCount "95"]
[EventDate "2006.10.22"]
[SourceDate "1998.01.31"]

1. e4 e5 2. Nf3 Nc6 3. Bb5 a6 4. Ba4 Nf6 5. O-O Nxe4 6. d4 b5 7. Bb3 d5 8. dxe5
Be6 9. Nbd2 Be7 10. c3 O-O 11. Bc2 f5 12. Nb3 Qd7 13. Nfd4 Nxd4 14. Nxd4 c5 15.
Nxe6 Qxe6 16. f3 Ng5 17. a4 Rad8 18. axb5 axb5 19. Ra7 $5 Rd7 $1 (19... c4 $5 {
will be played a few days later in Bologan - Timman, Barcelona 2006.}) 20. Rxd7
Qxd7 21. Kh1 f4 $6 ({Preferable is} 21... Ne6 22. f4 g6) 22. b4 $1 {
The black pawn centre is weakened.} c4 23. Qd2 Ne6 24. Rd1 {
Pawn d5 has become a weakling.} Nc7 25. Qf2 Qe6 26. Qd4 Qc6 27. Kg1 g6 28. Kf1
Bg5 29. Bb2 Ra8 30. Qd2 Ne6 31. Bb1 Rd8 32. Qe1 Qc7 33. h4 Be7 34. Bc1 Qc6 35.
Qf2 {The long-winded manoeuvres had no success.} Rf8 36. Bc2 $5 Bd8 37. Qd2 $2
{He makes a positional blunder.} Bxh4 $1 38. Qxd5 Qb6 $1 {
Mate in one is threatened.} 39. Qd2 Bg3 $6 (39... Rd8 40. Qe2 Rxd1+ 41. Bxd1
Bg3 {keeps an advantage.}) 40. Qe2 Qa7 $5 41. Be4 Kh8 42. Bd5 Ng7 43. e6 Qe7 $2
{He defends too passively.} 44. Qe5 $1 Qh4 45. Ke2 $1 h5 $2 (45... Re8 $1 {
prolongs the game.}) 46. Be4 Rg8 47. Rd7 Qh1 48. Bd2 $1 {
Mamedyarov and Polgar shared the lead.} 1-0

[Event "Hoogeveen"]
[Site "Essent 10"]
[Date "2006.10.23"]
[Round "2"]
[White "Polgar, Judit"]
[Black "Topalov, Veselin"]
[Result "1-0"]
[WhiteElo "2710"]
[BlackElo "2813"]
[Annotator "JvR"]
[PlyCount "77"]
[EventDate "2006.10.22"]
[SourceDate "1998.01.31"]

1. e4 c5 2. Nf3 d6 3. d4 cxd4 4. Nxd4 Nf6 5. Nc3 a6 6. Be3 e6 7. g4 h6 8. Bg2
g5 9. Qe2 Nbd7 10. O-O-O Ne5 11. h3 Nfd7 12. f4 gxf4 13. Bxf4 b5 14. Rhf1 Bb7
$5 ({Known is} 14... b4) 15. Qf2 Rc8 16. Nce2 Bg7 $6 ({More active is} 16...
Be7 $1 17. Kb1 h5) 17. Ng3 $1 Rh7 18. Nh5 Bh8 19. Kb1 Nc5 $2 20. Bg3 $2 ({
Judit misses the opportunity} 20. Bxe5 Bxe5 21. Nf5 $1 exf5 22. Qxf5) 20...
Nxe4 21. Bxe4 Bxe4 22. Bh4 Qc7 23. Bf6 $1 Bg6 24. Bxh8 Rxh8 25. Nf6+ Kd8 26. h4
Qc5 $2 ({Better is} 26... Rb8 27. Qf4 Kc8 28. h5 Bh7) 27. h5 $1 Bh7 28. Qh4 $1
Bxc2+ 29. Nxc2 $5 Qxc2+ 30. Ka1 Rc4 31. Ne4+ Kc7 32. Nxd6 Rf4 33. Qe7+ Kb6 34.
Qb7+ Ka5 35. Qa7 $1 b4 36. Rfe1 Nf3 37. Rc1 Nxe1 38. Rxc2 Nxc2+ 39. Kb1 {
Polgar won beautifully.} 1-0

[Event "Hoogeveen"]
[Site "Essent 10"]
[Date "2006.10.23"]
[Round "2"]
[White "Sokolov, Ivan"]
[Black "Mamedyarov, Shakhriyar"]
[Result "0-1"]
[WhiteElo "2670"]
[BlackElo "2728"]
[Annotator "JvR"]
[PlyCount "64"]
[EventDate "2006.10.22"]
[SourceDate "1998.01.31"]

1. d4 g6 2. e4 Bg7 3. Nf3 d6 4. c3 Nf6 5. Bd3 O-O 6. O-O Nbd7 7. Re1 e5 8. Bg5
h6 9. Bh4 b6 10. a4 a6 11. Nbd2 Bb7 12. dxe5 dxe5 13. Nc4 Qe8 14. b4 Nh5 15.
Ne3 $5 ({Known is} 15. Qc2) 15... Nf4 16. Bb1 $5 Nf6 17. Nc4 Rd8 18. Qc1 g5 19.
Bg3 Nxe4 $5 {Great complications are started.} ({More solid is} 19... Qe6 $1
20. Bxf4 exf4 21. Ncd2 Nd7) 20. Bxe4 Bxe4 21. Rxe4 Qc6 22. Qc2 f5 $1 {
Black regains material.} 23. Bxf4 fxe4 24. Nfxe5 Qe6 25. Bg3 b5 $1 26. axb5 $2
(26. Na5 $1 Bxe5 27. Bxe5 Qxe5 28. Nc6 Qf4 29. Nxd8 Rxd8 {keeps the equality.})
26... axb5 27. Qxe4 $2 ({The pointe is} 27. Na5 $6 Bxe5 28. Bxe5 Qxe5 29. Nc6
Ra8 $1 {and Black refutes the white tactics}) ({Better is} 27. Ne3 $1 Bxe5 28.
Qxe4 Rde8 29. Qd3) 27... bxc4 28. Qxc4 Qxc4 29. Nxc4 Bxc3 30. Rc1 Rd4 $1 31.
Ne3 Bd2 32. Be5 Re4 $1 {Mamedyarov and Polgar kept the lead.} 0-1

[Event "Hoogeveen"]
[Site "Essent 10"]
[Date "2006.10.26"]
[Round "4"]
[White "Sokolov, Ivan"]
[Black "Polgar, Judit"]
[Result "0-1"]
[WhiteElo "2670"]
[BlackElo "2710"]
[Annotator "JvR"]
[PlyCount "78"]
[EventDate "2006.10.22"]
[SourceDate "1998.01.31"]

1. d4 Nf6 2. c4 e6 3. Nc3 Bb4 4. e3 O-O 5. Bd3 d5 6. a3 Bxc3+ 7. bxc3 dxc4 8.
Bxc4 c5 9. Ne2 Qc7 10. Ba2 b6 11. O-O Ba6 12. Re1 Nc6 13. Ng3 Rad8 14. Bb2 e5
15. Qc2 $5 Rd7 16. Rad1 Rfd8 17. h3 c4 18. a4 Re8 $5 19. Ba3 e4 20. Bb1 Rd5 21.
Ne2 $5 Rg5 22. Nf4 Bc8 23. Qe2 Qd7 $5 {Polgar takes the initiative.} ({
More solid is} 23... Na5) 24. Qxc4 Na5 25. Qb4 $6 (25. Qe2 $1 Qxa4 26. Bb4 {
gains an edge.}) 25... Nd5 26. Nxd5 Qxd5 (26... Rxg2+ $5 27. Kxg2 Qxh3+ 28. Kg1
Qg4+ 29. Kf1 Ba6+ 30. Bd3 exd3 31. Nc7 $1 Bc4 32. Rd2 Qh3+ 33. Kg1 Qg4+ {
leads to perpetual check (Polgar).}) 27. h4 Rg4 28. Qb5 Qd8 29. g3 a6 30. Qb4
$2 ({Right is} 30. Qf1 $1 Qxh4 31. Bd6 $1) 30... Qxh4 $1 31. Bxe4 Rxg3+ $1 32.
fxg3 Qxe4 33. Rd2 $2 (33. Qb1 Qf3 34. Qa2 Nc4 35. Bc1 Bg4 36. Qf2 {
tries to survive.}) 33... Qf3 34. Kh2 Qh5+ $5 35. Kg1 Qf3 36. Kh2 Bf5 $1 37. e4
Bxe4 38. Rxe4 Qxe4 39. d5 Nc4 $1 {Sokolov was crushed.} 0-1

[Event "Hoogeveen"]
[Site "Essent 10"]
[Date "2006.10.26"]
[Round "4"]
[White "Topalov, Veselin"]
[Black "Mamedyarov, Shakhriyar"]
[Result "1-0"]
[WhiteElo "2813"]
[BlackElo "2728"]
[Annotator "JvR"]
[PlyCount "99"]
[EventDate "2006.10.22"]
[SourceDate "1998.01.31"]

1. e4 e5 2. Nf3 Nc6 3. Bb5 a6 4. Ba4 Nf6 5. O-O Be7 6. Re1 b5 7. Bb3 d6 8. c3
O-O 9. h3 Nb8 10. d4 Nbd7 11. Nbd2 Bb7 12. Bc2 Re8 13. a4 Bf8 14. Bd3 c6 15.
Rb1 $5 (15. b4 {shows more aggression.}) 15... Qc7 16. Qc2 g6 17. axb5 axb5 18.
dxe5 dxe5 19. Nb3 Reb8 20. c4 bxc4 21. Bxc4 Ba6 22. Nbd2 Nc5 23. Bxa6 Rxa6 24.
Nc4 Nfd7 25. Rd1 Ne6 26. Be3 Raa8 $5 27. Qd2 $1 {White takes the initiative.}
Rd8 28. Qc3 c5 $1 29. Nfxe5 Bg7 30. f4 g5 31. g3 gxf4 $5 32. gxf4 Nxe5 33. Nxe5
Bxe5 34. fxe5 {White's extra pawn has little value.} Kh8 35. Bf2 Qe7 36. Qf3
Rg8+ 37. Kh1 Rg6 38. Rd5 Rag8 39. Rg1 Rxg1+ 40. Bxg1 Rg6 41. Kh2 Kg7 ({
Even better is} 41... Ng5 $1 42. Qf5 Qb7) 42. Be3 c4 43. Rd6 Qc7 $5 44. h4 Qa5
$2 ({Correct is} 44... h5 $1 45. Qxh5 $5 c3 $1 46. bxc3 $2 Qxc3 {
and Black wins.}) 45. Rd5 $1 {Topalov starts a brilliant manoeuvre.} Qe1 46.
Kh3 $1 Kf8 $5 47. Rd7 $1 Rg3+ 48. Qxg3 Qh1+ 49. Kg4 Qxe4+ 50. Kh5 $3 {
Polgar took the lead.} ({The pointe is} 50. Kh5 $3 Ng7+ 51. Qxg7+ $1 Kxg7 52.
Bh6+ Kg8 53. Rd8#) 1-0

[Event "Hoogeveen"]
[Site "Essent 10"]
[Date "2006.10.27"]
[Round "5"]
[White "Polgar, Judit"]
[Black "Mamedyarov, Shakhriyar"]
[Result "0-1"]
[WhiteElo "2710"]
[BlackElo "2728"]
[Annotator "JvR"]
[PlyCount "80"]
[EventDate "2006.10.22"]
[SourceDate "1998.01.31"]

1. e4 e5 2. Nf3 Nc6 3. Bb5 a6 4. Ba4 Nf6 5. O-O Be7 6. Re1 b5 7. Bb3 d6 8. c3
O-O 9. h3 Nb8 10. d4 Nbd7 11. Nbd2 Bb7 12. Bc2 Re8 13. Nf1 Bf8 14. Ng3 g6 15.
b3 d5 16. Bg5 h6 17. Bh4 g5 18. Nxg5 hxg5 19. Bxg5 exd4 20. e5 Rxe5 21. Rxe5
Nxe5 22. cxd4 Nc6 23. Nf5 $2 ({Theory is} 23. Nh5 $1) 23... Bc8 $1 {
Black refutes the novelty.} 24. Rc1 Bxf5 25. Bxf5 Qd6 $1 {
He has a decisive material advantage.} 26. Bh4 Ne7 27. Bg3 Qb4 28. Bb1 c6 29.
Be5 Bg7 30. a3 Qxa3 31. Rc3 Nd7 32. Rg3 Nxe5 33. dxe5 Qb4 34. Rg4 Qc3 35. f4 d4
36. Kh2 Nd5 37. f5 d3 38. Qxd3 Qxe5+ 39. Rg3 Nf6 40. Qf3 Rd8 {
Mamedyarov caught up with Polgar.} 0-1

[Event "Hoogeveen"]
[Site "Essent 10"]
[Date "2006.10.27"]
[Round "5"]
[White "Sokolov, Ivan"]
[Black "Topalov, Veselin"]
[Result "0-1"]
[WhiteElo "2670"]
[BlackElo "2813"]
[Annotator "JvR"]
[PlyCount "94"]
[EventDate "2006.10.22"]
[SourceDate "1998.01.31"]

1. d4 Nf6 2. Nf3 c5 3. d5 g6 4. Nc3 Bg7 5. e4 d6 6. Bb5+ Nfd7 7. a4 Na6 8. O-O
Nc7 9. Re1 Nxb5 10. axb5 O-O 11. Bf4 Nb6 12. e5 $5 {Sokolov wants action.} ({
Usual is} 12. h3) 12... Bf5 $1 13. h3 h6 $1 {Topalov reacts quietly.} 14. Qe2
$5 (14. g4 $1 Bc8 15. Qd3 {gains a plus.}) 14... g5 $1 15. Bg3 Qd7 16. h4 $5 f6
17. e6 $6 {White overreaches his possibilities.} ({Preferable is} 17. hxg5 fxe5
18. gxh6 Bxh6 19. Nh4) 17... Qe8 $1 {Black counters with subtlety.} 18. Nh2 Bg6
19. f4 Bh5 20. Qd3 gxf4 21. Bxf4 Qg6 {Topalov has manoeuvred well.} 22. Nf1 $5
f5 23. Kh2 Qg4 24. Qg3 Qxg3+ 25. Nxg3 Be8 26. Nge2 Kh7 27. Bg3 $5 Nc4 28. b3 $6
(28. Ra2 f4 $1 29. Nxf4 Bxc3 30. bxc3 Bxb5 {also favours Black.}) 28... Ne3 29.
Rac1 Rg8 30. Nd1 Nxd5 31. c4 Nb4 32. Ne3 $2 a6 $2 (32... Nd3 {gains material.})
33. bxa6 Rxa6 34. Nxf5 Bf6 35. Nf4 Ra2 36. Nd5 $5 Nxd5 37. cxd5 Bh5 38. Rf1 Rd2
39. Ne3 Bd4 40. Nc4 $2 (40. Nf5 $1 Bf6 41. Ne3 {offers more resistance.}) 40...
Rd3 $1 41. Bf4 Rxb3 42. Nd2 Rb2 43. Rb1 Bg6 44. Rxb2 Bxb2 45. Rf3 Rf8 46. Nc4
Be4 47. Bxd6 Bxf3 {Topalov won his second game.} 0-1

[Event "Hoogeveen"]
[Site "Essent 10"]
[Date "2006.10.28"]
[Round "6"]
[White "Mamedyarov, Shakhriyar"]
[Black "Sokolov, Ivan"]
[Result "1-0"]
[WhiteElo "2728"]
[BlackElo "2670"]
[Annotator "JvR"]
[PlyCount "119"]
[EventDate "2006.10.22"]
[SourceDate "1998.01.31"]

{When the last round begins, Mamedyarov and Polgar share the lead. Their games
will become exciting after a slow start.} 1. d4 d5 2. c4 c6 3. e3 Bf5 4. Nc3 e6
5. Nf3 Nd7 6. Bd3 Bxd3 7. Qxd3 Ngf6 8. O-O Be7 9. e4 O-O 10. cxd5 exd5 11. exd5
cxd5 12. Ne5 $5 ({Known is} 12. Bf4) 12... Bd6 13. Re1 Re8 14. Bf4 Bb4 15. Re2
Qa5 16. Nd1 Nf8 17. Ne3 Ng6 $6 (17... Ne6 {keeps the equality.}) 18. Nxg6 hxg6
19. a3 Rac8 20. Be5 {White has taken the initiative.} Nd7 21. Qb3 $6 ({
Preferable is} 21. Rd1 Bf8 22. b4) 21... Qa6 22. Rc2 Rxc2 23. Nxc2 Bf8 24. Bg3
Qb6 25. Qc3 $5 Nf6 26. f3 Re6 27. Ne3 Rc6 28. Qd2 Qb3 29. Rc1 Rxc1+ 30. Qxc1
Qd3 31. Be5 Nd7 32. Qc3 Nxe5 33. dxe5 Qxc3 34. bxc3 Bc5 $5 (34... Bxa3 $1 35.
Nxd5 Bc5+ 36. Kf1 g5 {leads to an unpleasant position for White.}) 35. Kf2 d4
36. cxd4 Bxd4 37. f4 b5 38. Ke2 Bc5 39. Nc2 Kf8 40. Kd3 a5 41. Ke4 Bg1 $5 42.
h3 Ke7 43. Kd5 Kd7 44. g4 Bf2 45. Nd4 Bxd4 $2 {A premature exchange is made.} (
{Right is} 45... b4 $1 46. axb4 axb4 47. Kc4 Bxd4 48. Kxd4 Ke6 49. h4 f6 50.
exf6 Kxf6 51. Kc4 Ke6 52. Kxb4 Kd5 53. f5 gxf5 54. g5 g6 55. Kc3 Ke5 56. Kd3 {
drawn.}) 46. Kxd4 Kc6 47. h4 $1 b4 48. axb4 axb4 49. Kc4 $2 {
White misses an unexpected opportubity.} (49. f5 $1 b3 50. Kc3 Kd5 51. e6 fxe6
52. f6 gxf6 53. h5 {wins for White.}) 49... b3 50. Kxb3 Kd5 51. g5 $1 Ke6 ({
The pointe is} 51... Ke4 $2 52. h5 gxh5 53. g6 $1) 52. Kc4 Ke7 53. Kb5 f6 $2 {
A passive defence is needed.} ({Correct is} 53... Kd7 54. Kb6 Kd8 55. Kc6 Ke7
56. Kd5 Kd7 57. f5 $5 gxf5 58. h5 Ke7 59. h6 gxh6 60. gxh6 Kf8 61. Kd4 $1 Kg8
62. Ke3 Kh7 63. Kf4 Kxh6 64. Kxf5 Kg7 {drawn.}) 54. gxf6+ $1 gxf6 55. Kc5 Ke6
56. Kd4 Kd7 $5 57. Kd5 Ke7 58. e6 Kd8 ({Or} 58... Ke8 59. Kd6 Kd8 60. e7+ Ke8
61. Ke6 f5 62. Kf6) 59. Kd6 Ke8 60. e7 $1 {
Mamedyarov won the pawn ending at the end.} 1-0

[Event "Hoogeveen"]
[Site "Essent 10"]
[Date "2006.10.28"]
[Round "6"]
[White "Topalov, Veselin"]
[Black "Polgar, Judit"]
[Result "0-1"]
[WhiteElo "2813"]
[BlackElo "2710"]
[Annotator "JvR"]
[PlyCount "112"]
[EventDate "2006.10.22"]
[SourceDate "1998.01.31"]

1. d4 Nf6 2. c4 e6 3. Nc3 Bb4 4. Qc2 O-O 5. a3 Bxc3+ 6. Qxc3 b6 7. Nf3 Bb7 8.
e3 c5 9. Be2 cxd4 10. exd4 d5 11. b3 $5 Nbd7 12. O-O dxc4 13. bxc4 Qc7 14. a4
Rac8 15. Re1 Rfe8 16. Bb2 Ng4 17. g3 Ndf6 18. Nd2 h5 $5 19. h3 Nh6 20. Bf3 Red8
21. Re5 Nf5 22. Bxb7 Qxb7 23. d5 $1 {Topalov attacks in the centre.} h4 $2 ({
Better is} 23... Rxd5 $1 24. Rxd5 exd5 25. Qf3 Qd7 26. Bxf6 gxf6 27. cxd5 Kg7)
24. g4 Ne7 25. Ne4 $6 (25. Rg5 $1 Ng6 26. Ne4 $1 Ne8 27. dxe6 $1 Qxe4 28. exf7+
Kxf7 29. Re1 Qc6 30. Qb3 {charges.}) 25... Ne8 $6 26. Re1 $2 (26. Rg5 Ng6 27.
dxe6 {wins in the same way.}) 26... Nxd5 27. Qf3 $5 Rxc4 28. Rg5 Qe7 $2 (28...
f6 $1 {wins for Black.}) 29. Bxg7 $1 Nxg7 30. Rxd5 Rxd5 31. Nf6+ Kf8 32. Nxd5
$5 {White could have delivered perpetual check.} Qd6 33. Nf6 Ne8 34. Qa8 Qe7
35. g5 Rd4 36. Rc1 Rd8 37. Qf3 $5 Rd5 $5 38. Kf1 $5 Nxf6 39. gxf6 Qd8 40. Rc4
Rf5 41. Qa3+ Kg8 42. Rg4+ Kh7 43. Rxh4+ $2 (43. Rg7+ Kh8 44. Qe7 Qd1+ 45. Kg2
Qf3+ 46. Kh2 {draws.}) 43... Kg6 44. Rg4+ Kxf6 45. Qc3+ Ke7 46. Rd4 Rd5 $5 47.
Rc4 Kd7 48. h4 $5 Qb8 49. Qf6 Rf5 $1 50. Rd4+ Kc6 $1 {The black king escapes.}
51. Rc4+ Kb7 52. Qe7+ Ka6 $1 53. Rc7 $4 (53. Qc7 $1 Qxc7 54. Rxc7 {
defends properly.}) 53... Qa8 $1 54. Kg1 Rf4 $1 55. f3 Rxf3 56. Qg5 f5 $1 {
The final standings became: Mamedyarov and Polgar 41/2, Topalov 21/2, I.
Sokolov 1/2. The top two shared the first and second money prizes. Mamedyarov
had a better tie-break and received the special glass chess set as the formal
winner.} 0-1

[Event "Hoogeveen"]
[Site "Essent 11"]
[Date "2007.10.14"]
[Round "1"]
[White "Mamedyarov, Shakhriyar"]
[Black "Van Wely, Loek"]
[Result "1-0"]
[WhiteElo "2752"]
[BlackElo "2680"]
[Annotator "JvR"]
[PlyCount "81"]
[EventDate "2007.10.14"]
[SourceDate "1998.01.31"]

{The eleventh Essent tournament was played from 14 until 20 x 2007.
Participants in the Crown group were Mamedyarov the previous winner, Van Wely
the strongest Dutchman, Ponomariov as a strong player and Andriasian the youth
champion of Europe.} 1. d4 Nf6 2. c4 e6 3. Nf3 d5 4. Bg5 h6 5. Bxf6 Qxf6 6. Nc3
c6 7. e3 Nd7 8. Bd3 g6 9. O-O Bg7 10. Rc1 O-O 11. e4 dxc4 12. Bxc4 Rd8 13. e5
Qe7 14. Re1 b6 15. Qe2 a6 16. Bd3 Bb7 17. Be4 {White controls more territory.}
Rab8 $5 ({Known is} 17... b5) 18. Na4 c5 $5 19. Bxb7 Rxb7 20. Qxa6 Nb8 21. Qe2
cxd4 22. Red1 Qb4 $5 ({Preferable is} 22... Rc7 23. Nxb6 d3 24. Qe3 Rc2) 23. b3
$5 Qa5 $1 24. Qd2 $5 Qa7 $6 {The exchange of queens equalises.} 25. Nc3 $5 b5
26. Ne4 Rc7 $2 ({Correct is} 26... Nd7 27. Qxd4 Qxd4 28. Rxd4 Ra8 29. Rd2 Nxe5)
27. Nd6 Rxc1 28. Rxc1 Nd7 29. Nxb5 $5 Qb6 30. Nbxd4 Nxe5 31. Qe2 Ng4 $6 ({
Better is} 31... Rd5 32. h3 Qd6) 32. Nc6 Ra8 33. h3 $5 Nf6 34. Nce5 $5 Nd5 35.
Rc6 Qb7 36. Rd6 $2 (36. Rc4 {gains an edge.}) 36... Nf6 $2 (36... Nf4 $1 37.
Qe3 Bxe5 38. Qxe5 Nxh3+ 39. Kf1 g5 {brings equality (Ftacnik).}) 37. Qc2 Qb4 $2
({Right is} 37... Qb8 38. Rd2 Nd5) 38. Qc7 Rf8 39. Rd8 Rxd8 40. Qxd8+ Kh7 41.
Nxf7 {White has two extra pawns. This game would become the decisive encounter
in the Crown Group.} 1-0